[Event "DVM U10 2016"]
[Site "Magdeburg GER"]
[Date "2016.12.29"]
[Round "7"]
[White "Kölmel, Lukas"]
[Black "Safranski, Gregor"]
[Result "1-0"]
[Termination "normal"]
[Board "17.3"]
[WhiteElo "600"]
[BlackElo "600"]
[WhiteTeam "Hamburger SK 2"]
[BlackTeam "Hannover 96"]
[PlyCount "99"]
[BlackFideId "34641572"]
[EventCountry "GER"]
[EventRounds "7"]
[EventType "team-swiss"]
[EventDate "2016.12.27"]

1. e4 e5 2. Nf3 Nc6 3. Bc4 Bc5 4. O-O Nf6 5. Nc3 O-O 6. Bb5 a6 7. Bxc6 bxc6 8.
Nxe5 Bb7 9. Nf3 Bb4 10. d3 d5 11. Bg5 Re8 12. e5 Be7 13. exf6 Bxf6 14. Bxf6
Qxf6 15. Re1 h6 16. Rxe8+ Rxe8 17. Qd2 Bc8 18. Ne1 d4 19. Ne4 Qg6 20. Qf4 Re7
21. Nf3 Bh3 22. Nh4 Qg4 23. Qxg4 Bxg4 24. f3 Be6 25. Nc5 Bc8 26. Kf2 a5 27. Nb3
Re5 28. Nxd4 Be6 29. Nxc6 Rc5 30. Nd4 g5 31. Nxe6 Rxc2+ 32. Kf1 fxe6 33. Ng6
Rxb2 34. Ne5 Rb5 35. d4 c5 36. dxc5 Rxc5 37. Nd3 Rc4 38. a4 Rh4 39. h3 Rd4 40.
Ke2 Rd8 41. Rb1 Rd4 42. Nc5 Kf7 43. Rb5 e5 44. Rxa5 Kf6 45. g4 Kg6 46. Ra6+ Kf7
47. Rxh6 Rc4 48. Rc6 Rc2+ 49. Kd3 Ra2 50. Ke4 1-0

[Event "DVM U10 2016"]
[Site "Magdeburg GER"]
[Date "2016.12.29"]
[Round "7"]
[White "Lienau, Tom"]
[Black "Dornheim, Carl Friedrich"]
[Result "1-0"]
[Termination "normal"]
[Board "18.1"]
[WhiteElo "886"]
[BlackElo "1234"]
[WhiteTeam "Segeberger SF"]
[BlackTeam "Schachzwerge Magdeburg 1"]
[PlyCount "77"]
[WhiteFideId "16216423"]
[BlackFideId "16252314"]
[EventCountry "GER"]
[EventRounds "7"]
[EventType "team-swiss"]
[EventDate "2016.12.27"]

1. e4 c5 2. d4 cxd4 3. Nf3 d6 4. Nxd4 Nf6 5. Nc3 e6 6. Bc4 Be7 7. Be3 O-O 8.
O-O a6 9. a3 b5 10. Ba2 Bb7 11. b4 Nxe4 12. Nxe4 Bxe4 13. c4 bxc4 14. Bxc4 Nd7
15. b5 axb5 16. Bxb5 Nf6 17. Nc6 Bxc6 18. Bxc6 Rc8 19. Rc1 Qa5 20. a4 Qa6 21.
Qf3 Qa5 22. Qg3 Nh5 23. Qg4 g6 24. Bh6 Rfd8 25. h3 Bf6 26. Qf3 Bg7 27. Bg5 f6
28. Be3 Rc7 29. Rc2 Rdc8 30. Rfc1 Qa6 31. Bb5 Qa5 32. Rxc7 Rxc7 33. Rxc7 Qxc7
34. Qa8+ Bf8 35. a5 d5 36. a6 Kf7 37. a7 Bd6 38. Qe8+ Kg7 39. a8=Q 1-0

[Event "DVM U10 2016"]
[Site "Magdeburg GER"]
[Date "2016.12.29"]
[Round "7"]
[White "Weber, Willi"]
[Black "Palyan, Levon"]
[Result "0-1"]
[Termination "normal"]
[Board "18.2"]
[WhiteElo "924"]
[BlackElo "880"]
[WhiteTeam "Schachzwerge Magdeburg 1"]
[BlackTeam "Segeberger SF"]
[PlyCount "78"]
[BlackFideId "16216440"]
[EventCountry "GER"]
[EventRounds "7"]
[EventType "team-swiss"]
[EventDate "2016.12.27"]

1. e4 e5 2. Nf3 Nc6 3. Bc4 Bc5 4. O-O Nf6 5. Nc3 O-O 6. d3 d6 7. Bg5 Be6 8. Bb3
h6 9. Bd2 Bg4 10. h3 Be6 11. Qe2 d5 12. exd5 Bxd5 13. Nxd5 Nxd5 14. Rfe1 Re8
15. Rad1 Nd4 16. Nxd4 exd4 17. Qxe8+ Qxe8 18. Rxe8+ Rxe8 19. Bxd5 c6 20. Bb3
Rd8 21. c3 b5 22. Re1 a5 23. a4 dxc3 24. bxc3 Rxd3 25. Be3 Rxc3 26. Ba2 Bxe3
27. fxe3 Ra3 28. Bb1 Rxa4 29. Rd1 g6 30. Rd8+ Kg7 31. Rc8 Ra1 32. Rxc6 Rxb1+
33. Kf2 b4 34. Ra6 b3 35. Rxa5 b2 36. Rb5 g5 37. g3 h5 38. g4 f6 39. Kg3 Rg1+
0-1

[Event "DVM U10 2016"]
[Site "Magdeburg GER"]
[Date "2016.12.29"]
[Round "7"]
[White "Staubus, Noah"]
[Black "Currenti, Gianluca"]
[Result "0-1"]
[Termination "normal"]
[Board "18.3"]
[WhiteElo "1007"]
[BlackElo "948"]
[WhiteTeam "Segeberger SF"]
[BlackTeam "Schachzwerge Magdeburg 1"]
[PlyCount "66"]
[WhiteFideId "34690271"]
[EventCountry "GER"]
[EventRounds "7"]
[EventType "team-swiss"]
[EventDate "2016.12.27"]

1. e4 e5 2. Bc4 Nf6 3. d3 Bc5 4. Bg5 h6 5. Bxf6 Qxf6 6. Nf3 Nc6 7. O-O d6 8.
Nc3 Bg4 9. Nd5 Qd8 10. h3 Bh5 11. c3 O-O 12. b4 Bb6 13. a4 a6 14. a5 Ba7 15. g4
Bg6 16. d4 b5 17. Qb3 bxc4 18. Qxc4 Ne7 19. Nxc7 Rc8 20. Ne6 fxe6 21. Qxa6 Rxf3
22. Qxa7 Qc7 23. Qa6 Qc6 24. Qa7 Rc7 25. Qb8+ Rf8 26. Qb6 Qxb6 27. axb6 Rb7 28.
Ra7 Rxa7 29. bxa7 Ra8 30. Ra1 Nc8 31. b5 Rxa7 32. Rxa7 Nxa7 33. b6 Nc6 0-1

[Event "DVM U10 2016"]
[Site "Magdeburg GER"]
[Date "2016.12.29"]
[Round "7"]
[White "Hellwig, Konstantin Joshua"]
[Black "Onat, Elias Levent"]
[Result "1-0"]
[Termination "normal"]
[Board "18.4"]
[WhiteElo "908"]
[BlackElo "600"]
[WhiteTeam "Schachzwerge Magdeburg 1"]
[BlackTeam "Segeberger SF"]
[PlyCount "55"]
[EventCountry "GER"]
[EventRounds "7"]
[EventType "team-swiss"]
[EventDate "2016.12.27"]

1. e4 e5 2. Nf3 Nc6 3. Bc4 Bc5 4. Nc3 Nf6 5. d3 d6 6. Qe2 Bg4 7. Be3 Bxe3 8.
fxe3 Nb4 9. a3 Bxf3 10. gxf3 Nc6 11. O-O-O O-O 12. d4 exd4 13. exd4 a6 14. e5
Re8 15. Qg2 Nd7 16. Rhg1 g6 17. f4 dxe5 18. dxe5 Qh4 19. Rxd7 Qxf4+ 20. Kb1
Nxe5 21. Nd5 Qxc4 22. Rxc7 Qd4 23. Nf6+ Kf8 24. Nxe8 Nf3 25. Rf1 Nd2+ 26. Kc1
Nxf1 27. Qxf1 Rxe8 28. Qxf7# 1-0

[Event "DVM U10 2016"]
[Site "Magdeburg GER"]
[Date "2016.12.29"]
[Round "7"]
[White "Spehr, Neil"]
[Black "Schuster, Pascal"]
[Result "1/2-1/2"]
[Termination "normal"]
[Board "19.1"]
[WhiteElo "948"]
[BlackElo "1061"]
[WhiteTeam "Schachakademie Paderborn 2"]
[BlackTeam "SG Königskinder Hohentübingen"]
[PlyCount "107"]
[EventCountry "GER"]
[EventRounds "7"]
[EventType "team-swiss"]
[EventDate "2016.12.27"]

1. d4 Nf6 2. Bf4 d5 3. Nf3 Nc6 4. e3 Bf5 5. Bd3 Bxd3 6. Qxd3 e6 7. Nbd2 Nb4 8.
Qb3 Ne4 9. Nxe4 dxe4 10. Ne5 Be7 11. O-O Bd6 12. c3 Nd5 13. Bg3 Qe7 14. Qxb7
O-O 15. Nc6 Qg5 16. Nxa7 Rfb8 17. Qa6 Rb6 18. Qa4 c5 19. dxc5 Bxc5 20. b4 Nxc3
21. Qc2 Bxb4 22. a3 Ba5 23. Bc7 Ra6 24. Bxa5 Qxa5 25. Rac1 Qxa3 26. Qxc3 R6xa7
27. Qc8+ Rxc8 28. Rxc8+ Qf8 29. Rxf8+ Kxf8 30. g4 Ke7 31. Kg2 g5 32. h3 f5 33.
Kg3 Kf6 34. gxf5 exf5 35. h4 gxh4+ 36. Kxh4 Rg7 37. Kh3 Ke5 38. Kh4 f4 39.
exf4+ Kxf4 40. Kh3 Rg6 41. Kh2 Kf3 42. Kh1 Rh6+ 43. Kg1 e3 44. fxe3+ Kxe3 45.
Kg2 Rg6+ 46. Kh2 Ke2 47. Rf7 h5 48. Rh7 Rg5 49. Kh3 Kf3 50. Kh4 Kf4 51. Rxh5
Rg4+ 52. Kh3 Rg3+ 53. Kh2 Kf3 54. Rh3 1/2-1/2

[Event "DVM U10 2016"]
[Site "Magdeburg GER"]
[Date "2016.12.29"]
[Round "7"]
[White "Schickner, Jano"]
[Black "Schäfer, Anton"]
[Result "0-1"]
[Termination "normal"]
[Board "19.2"]
[WhiteElo "982"]
[BlackElo "901"]
[WhiteTeam "SG Königskinder Hohentübingen"]
[BlackTeam "Schachakademie Paderborn 2"]
[PlyCount "98"]
[EventCountry "GER"]
[EventRounds "7"]
[EventType "team-swiss"]
[EventDate "2016.12.27"]

1. e4 e6 2. d4 d5 3. exd5 exd5 4. Nf3 Nf6 5. Nc3 Bf5 6. Be2 Bd6 7. Bg5 Nc6 8.
Nxd5 Bb4+ 9. Nc3 Be7 10. Qd2 Nb4 11. O-O-O Ne4 12. Bxe7 Qxe7 13. Qe3 O-O 14. a3
Nc6 15. Bd3 Nxc3 16. Qxe7 Nxe7 17. bxc3 Bxd3 18. Rxd3 Nd5 19. g3 Rac8 20. c4
Nf6 21. Rd2 Ne4 22. Re2 Nc3 23. Re3 Na4 24. c5 c6 25. Kb1 b6 26. cxb6 Nxb6 27.
Re7 Rb8 28. Ka2 Nc4 29. Rb1 Rxb1 30. Kxb1 Rb8+ 31. Kc1 Ra8 32. Rc7 Nxa3 33.
Rxc6 a5 34. Kb2 Nb5 35. d5 a4 36. d6 a3+ 37. Ka2 Na7 38. Ra6 Kf8 39. Kxa3 Nb5+
40. Kb4 Rxa6 41. d7 Rd6 42. Kxb5 Rxd7 43. c4 Rd3 44. Ne5 Rb3+ 45. Kc6 Ke7 46.
Kc7 Rc3 47. Kc6 f6 48. Ng4 Rxc4+ 49. Kd5 Rxg4 0-1

[Event "DVM U10 2016"]
[Site "Magdeburg GER"]
[Date "2016.12.29"]
[Round "7"]
[White "Stammen, York Magnus"]
[Black "Liang, Jiaxuan"]
[Result "0-1"]
[Termination "normal"]
[Board "19.3"]
[WhiteElo "864"]
[BlackElo "984"]
[WhiteTeam "Schachakademie Paderborn 2"]
[BlackTeam "SG Königskinder Hohentübingen"]
[PlyCount "34"]
[WhiteFideId "16295471"]
[BlackFideId "34675205"]
[EventCountry "GER"]
[EventRounds "7"]
[EventType "team-swiss"]
[EventDate "2016.12.27"]

1. d4 d5 2. Bf4 Nf6 3. Nf3 Nc6 4. e3 Bg4 5. Be2 Bf5 6. Bd3 Ne4 7. Nbd2 e6 8.
Bxe4 dxe4 9. Ne5 Nxe5 10. Bxe5 Be7 11. Bxg7 Rg8 12. Be5 Rxg2 13. Bg3 Bd6 14.
Bxd6 Qxd6 15. Qe2 O-O-O 16. O-O-O Bg4 17. f3 Rxe2 0-1

[Event "DVM U10 2016"]
[Site "Magdeburg GER"]
[Date "2016.12.29"]
[Round "7"]
[White "Leyrer, Justus"]
[Black "Bade, Deniz"]
[Result "1/2-1/2"]
[Termination "normal"]
[Board "19.4"]
[WhiteElo "855"]
[BlackElo "600"]
[WhiteTeam "SG Königskinder Hohentübingen"]
[BlackTeam "Schachakademie Paderborn 2"]
[PlyCount "51"]
[BlackFideId "34605959"]
[EventCountry "GER"]
[EventRounds "7"]
[EventType "team-swiss"]
[EventDate "2016.12.27"]

1. e4 e6 2. Nc3 d5 3. exd5 exd5 4. d4 Nf6 5. Nf3 Bg4 6. Bg5 Nbd7 7. Bd3 Bd6 8.
O-O O-O 9. Nxd5 Qe8 10. Nxf6+ Nxf6 11. Bxf6 gxf6 12. Re1 Qd7 13. Re4 c6 14. h3
Bh5 15. Rh4 Bg6 16. Qd2 Rfe8 17. Bxg6 fxg6 18. Qc3 Qg7 19. Qc4+ Kh8 20. d5 Qf7
21. Rd1 Qd7 22. Rhd4 c5 23. Rh4 Rab8 24. Qc3 Rf8 25. Ng5 Qd8 26. Rxh7+ 1/2-1/2

[Event "DVM U10 2016"]
[Site "Magdeburg GER"]
[Date "2016.12.29"]
[Round "7"]
[White "Ellert, Stefan"]
[Black "Tran Minh, Hieu"]
[Result "1-0"]
[Termination "normal"]
[Board "20.1"]
[WhiteElo "1246"]
[BlackElo "1170"]
[WhiteTeam "SV Schachfreunde Friedrichshagen"]
[BlackTeam "SF Hettstedt"]
[PlyCount "35"]
[WhiteFideId "16235029"]
[BlackFideId "16244877"]
[EventCountry "GER"]
[EventRounds "7"]
[EventType "team-swiss"]
[EventDate "2016.12.27"]

1. e4 e5 2. Nf3 Nc6 3. Bc4 Bc5 4. Nc3 Nf6 5. d3 h6 6. h3 d6 7. Be3 Bb6 8. Bxb6
axb6 9. d4 exd4 10. Nxd4 Nxd4 11. Qxd4 O-O 12. O-O-O c5 13. Qxd6 Qxd6 14. Rxd6
Re8 15. f3 Be6 16. Bxe6 Rxe6 17. Rhd1 Rae8 18. Nb5 1-0

[Event "DVM U10 2016"]
[Site "Magdeburg GER"]
[Date "2016.12.29"]
[Round "7"]
[White "Seidel, Hans"]
[Black "Murach, Moritz"]
[Result "0-1"]
[Termination "normal"]
[Board "20.2"]
[WhiteElo "871"]
[BlackElo "849"]
[WhiteTeam "SF Hettstedt"]
[BlackTeam "SV Schachfreunde Friedrichshagen"]
[PlyCount "34"]
[EventCountry "GER"]
[EventRounds "7"]
[EventType "team-swiss"]
[EventDate "2016.12.27"]

1. e4 d5 2. Nc3 dxe4 3. Nxe4 Bf5 4. Ng3 Bd7 5. Bc4 Nf6 6. Nf3 Bg4 7. O-O e6 8.
h3 Bh5 9. d3 Nc6 10. Be3 Bd6 11. Nxh5 Nxh5 12. Ng5 g6 13. d4 O-O 14. Be2 Nxd4
15. Bxd4 Qxg5 16. Be3 Qe5 17. Bxh5 Qh2# 0-1

[Event "DVM U10 2016"]
[Site "Magdeburg GER"]
[Date "2016.12.29"]
[Round "7"]
[White "Tempel, Emil"]
[Black "Born, Constantin"]
[Result "0-1"]
[Termination "normal"]
[Board "20.3"]
[WhiteElo "600"]
[BlackElo "773"]
[WhiteTeam "SV Schachfreunde Friedrichshagen"]
[BlackTeam "SF Hettstedt"]
[PlyCount "68"]
[BlackFideId "16269438"]
[EventCountry "GER"]
[EventRounds "7"]
[EventType "team-swiss"]
[EventDate "2016.12.27"]

1. e4 e5 2. Nf3 Nc6 3. Bc4 Nf6 4. d3 Bb4+ 5. Nc3 Bxc3+ 6. bxc3 O-O 7. O-O d6 8.
Bg5 Bg4 9. h3 Bxf3 10. Qxf3 h6 11. Be3 Na5 12. Bb5 Nc6 13. Qg3 Nh5 14. Qg4 Nf6
15. Qh4 a6 16. Bxc6 bxc6 17. Qg3 Nh5 18. Qf3 Nf6 19. d4 exd4 20. Bxd4 Rb8 21.
Qg3 Rb2 22. Rfe1 Nh5 23. Qh4 Qxh4 24. Rab1 Rxb1 25. Rxb1 Qxe4 26. f3 Qxc2 27.
Ra1 Nf4 28. Bf2 Re8 29. Rf1 Qg6 30. g3 Nxh3+ 31. Kg2 Ng5 32. Kh2 Qh5+ 33. Kg2
Qh3+ 34. Kg1 Nxf3# 0-1

[Event "DVM U10 2016"]
[Site "Magdeburg GER"]
[Date "2016.12.29"]
[Round "7"]
[White "Palfi, Anton Emil"]
[Black "Graßmann, Ludwig"]
[Result "0-1"]
[Termination "normal"]
[Board "20.4"]
[WhiteElo "859"]
[BlackElo "600"]
[WhiteTeam "SF Hettstedt"]
[BlackTeam "SV Schachfreunde Friedrichshagen"]
[PlyCount "120"]
[BlackFideId "16238486"]
[EventCountry "GER"]
[EventRounds "7"]
[EventType "team-swiss"]
[EventDate "2016.12.27"]

1. e4 e5 2. Bc4 Nf6 3. Nf3 Nc6 4. b3 Nxe4 5. Ng5 Qe7 6. Nxe4 d6 7. Qf3 Nd4 8.
Qh5 Nxc2+ 9. Kd1 Nxa1 10. Bb2 Nxb3 11. axb3 Bd7 12. Qf3 O-O-O 13. Qe3 Bc6 14.
Qh3+ Bd7 15. Nxd6+ Qxd6 16. Qe3 Re8 17. d3 f6 18. Ba3 Qd4 19. Qc1 Qxf2 20. Qc3
Qxg2 21. Qa5 Qxh1+ 22. Kc2 Qc6 23. Qxa7 Kd8 24. Qa8+ Bc8 25. d4 Bxa3 26. Nxa3
Kd7 27. Kb2 Qg2+ 28. Nc2 Qxh2 29. Bb5+ Ke7 30. Qa3+ Kf7 31. Bd3 Ke6 32. d5+
Kxd5 33. Qa5+ Ke6 34. Be4 Kd7 35. Qd5+ Ke7 36. Qc5+ Kf7 37. Qd5+ Be6 38. Qxb7
Qe2 39. Qxc7+ Re7 40. Qc6 f5 41. Bh1 Qd3 42. Nb4 Qd2+ 43. Ka3 Rc8 44. Qb5 Ra8+
45. Bxa8 Qc3 46. Ka4 Qxb3+ 47. Ka5 Ra7+ 48. Kb6 Rxa8 49. Kb7 Qf3+ 50. Nc6 Qd5
51. Qb6 Qb3 52. Nxe5+ Kf6 53. Nd7+ Ke7 54. Nc5 Qxb6+ 55. Kxb6 f4 56. Nd3 f3 57.
Kb7 f2 58. Nxf2 Rf8 59. Ne4 Bd5+ 60. Kb6 Bxe4 0-1

[Event "DVM U10 2016"]
[Site "Magdeburg GER"]
[Date "2016.12.29"]
[Round "7"]
[White "Guo, Philipp Ziming"]
[Black "Derling, Charlotte"]
[Result "0-1"]
[Termination "normal"]
[Board "21.1"]
[WhiteElo "906"]
[BlackElo "1081"]
[WhiteTeam "TuRa Harksheide Norderstedt"]
[BlackTeam "SV Roter Turm Halle 2"]
[PlyCount "42"]
[WhiteFideId "16245199"]
[BlackFideId "16222237"]
[EventCountry "GER"]
[EventRounds "7"]
[EventType "team-swiss"]
[EventDate "2016.12.27"]

1. e4 c5 2. Nf3 d6 3. d4 cxd4 4. Nxd4 Nf6 5. Nc3 Nc6 6. Bb5 Bd7 7. O-O g6 8.
Nf3 Bg7 9. Bf4 O-O 10. Qd2 Re8 11. Bh6 Bh8 12. Rfe1 a6 13. Bc4 Bg4 14. Ng5 e6
15. h3 Bh5 16. g4 Bxg4 17. hxg4 Nxg4 18. Nf3 Qf6 19. Nh2 Nce5 20. Be2 Qxf2+ 21.
Kh1 Qxh2# 0-1

[Event "DVM U10 2016"]
[Site "Magdeburg GER"]
[Date "2016.12.29"]
[Round "7"]
[White "Duong, Nhat-Minh"]
[Black "Fiedler, Ian Fynn"]
[Result "1/2-1/2"]
[Termination "normal"]
[Board "21.3"]
[WhiteElo "847"]
[BlackElo "600"]
[WhiteTeam "TuRa Harksheide Norderstedt"]
[BlackTeam "SV Roter Turm Halle 2"]
[PlyCount "56"]
[WhiteFideId "16245261"]
[BlackFideId "16275012"]
[EventCountry "GER"]
[EventRounds "7"]
[EventType "team-swiss"]
[EventDate "2016.12.27"]

1. e4 c5 2. Nf3 d6 3. Bc4 Nf6 4. Nc3 g6 5. O-O Bg7 6. d3 O-O 7. Re1 Nc6 8. Bf4
Bg4 9. h3 Bh5 10. Re3 Nd4 11. Nd5 e6 12. Nc3 Nc6 13. g4 e5 14. Bg5 Qc8 15. gxh5
Qxh3 16. Qf1 Qxh5 17. Qg2 Nd4 18. Kf1 Ng4 19. Ree1 Nxc2 20. Be7 Rfe8 21. Bxd6
Rac8 22. Bb5 Nxe1 23. Rxe1 Re6 24. Bd7 Rxd6 25. Bxc8 Nf6 26. Bxb7 Rxd3 27. Ng5
Bh6 28. Re3 Rxe3 1/2-1/2

[Event "DVM U10 2016"]
[Site "Magdeburg GER"]
[Date "2016.12.29"]
[Round "7"]
[White "Rumpold, Jaron"]
[Black "Foos, Vanessa"]
[Result "1-0"]
[Termination "normal"]
[Board "21.4"]
[WhiteElo "933"]
[BlackElo "786"]
[WhiteTeam "SV Roter Turm Halle 2"]
[BlackTeam "TuRa Harksheide Norderstedt"]
[PlyCount "34"]
[WhiteFideId "16265793"]
[BlackFideId "16245270"]
[EventCountry "GER"]
[EventRounds "7"]
[EventType "team-swiss"]
[EventDate "2016.12.27"]

1. e4 e5 2. Nf3 Nc6 3. d4 exd4 4. Nxd4 Bc5 5. Be3 Nf6 6. Nxc6 dxc6 7. Qxd8+
Kxd8 8. Bxc5 Nxe4 9. Be3 Re8 10. -- Nc5 11. Bd3 Nxd3+ 12. cxd3 Bf5 13. d4 Kd7
14. Nc3 Rad8 15. Rc1 Kc8 16. d5 Rd7 17. dxc6 bxc6 {Rest nicht nachvollziehbar
(es folgt Lxa7)} 1-0

[Event "DVM U10 2016"]
[Site "Magdeburg GER"]
[Date "2016.12.29"]
[Round "7"]
[White "Grey, Anna"]
[Black "Mimkes, Antal"]
[Result "1/2-1/2"]
[Termination "normal"]
[Board "22.1"]
[WhiteElo "929"]
[BlackElo "1168"]
[WhiteTeam "ESV Lok Falkenberg"]
[BlackTeam "KSV Rochade Göttingen"]
[PlyCount "101"]
[WhiteFideId "16226917"]
[BlackFideId "16265963"]
[EventCountry "GER"]
[EventRounds "7"]
[EventType "team-swiss"]
[EventDate "2016.12.27"]

1. c4 e5 2. Nc3 Nf6 3. e3 d6 4. Nf3 Bg4 5. Be2 e4 6. Ng1 Be6 7. d4 exd3 8. Bxd3
Be7 9. Nf3 O-O 10. O-O Nc6 11. a3 Bd7 12. Qc2 h6 13. b4 a6 14. Bb2 Bg4 15. Be2
Re8 16. Rad1 Qc8 17. Qd2 Ne5 18. Nd5 Nxf3+ 19. Bxf3 Nxd5 20. Qxd5 Bxf3 21. Qxf3
Bg5 22. Rfe1 Rb8 23. Qd5 Qe6 24. Qxe6 Rxe6 25. Rd2 Rbe8 26. Rde2 f5 27. Bd4 b6
28. f3 c5 29. bxc5 dxc5 30. Bc3 Rxe3 31. Rxe3 Rxe3 32. Rxe3 Bxe3+ 33. Kf1 Kf7
34. Ke2 Bc1 35. a4 Ke6 36. Bxg7 Kd6 37. Kd3 Kc6 38. g4 fxg4 39. fxg4 b5 40.
axb5+ axb5 41. cxb5+ Kxb5 42. Kc3 c4 43. h4 Kc5 44. Bf6 Kb5 45. g5 hxg5 46.
Bxg5 Ba3 47. h5 Bf8 48. Bd2 Bg7+ 49. Kc2 Kc6 50. Bc3 Bh6 51. Bd2 1/2-1/2

[Event "DVM U10 2016"]
[Site "Magdeburg GER"]
[Date "2016.12.29"]
[Round "7"]
[White "Vecera, Fabio"]
[Black "Behr, Julian"]
[Result "0-1"]
[Termination "normal"]
[Board "23.1"]
[WhiteElo "966"]
[BlackElo "1023"]
[WhiteTeam "BSG Grün-Weiß Leipzig 2"]
[BlackTeam "SC Landskrone"]
[PlyCount "84"]
[WhiteFideId "16281705"]
[BlackFideId "16255410"]
[EventCountry "GER"]
[EventRounds "7"]
[EventType "team-swiss"]
[EventDate "2016.12.27"]

1. e4 e5 2. Nf3 Nc6 3. Nc3 Bb4 4. Bc4 Nf6 5. d3 d6 6. a3 Ba5 7. Be3 Bg4 8. h3
Bh5 9. g4 Bg6 10. Qd2 h6 11. h4 Nxg4 12. h5 Bh7 13. O-O-O Nxe3 14. fxe3 a6 15.
d4 Qe7 16. Qd3 Qf6 17. d5 Na7 18. Rhf1 O-O-O 19. Bxa6 Bxc3 20. bxc3 bxa6 21.
Qxa6+ Kb8 22. Kd2 Ka8 23. Rb1 Rb8 24. Rb4 Rxb4 25. Ra1 Rb6 26. Qa4 Qxf3 27. Qd7
Qxe4 28. Qxc7 Qxc2+ 29. Ke1 Rhb8 30. c4 Qc3+ 31. Ke2 Qxa1 32. a4 Qxa4 33. c5
Qb5+ 34. Kf3 Qxc5 35. Qxc5 dxc5 36. d6 Rxd6 37. e4 g6 38. hxg6 Bxg6 39. Ke3
Bxe4 40. Ke2 Rd3 41. Kf2 Rb2+ 42. Ke1 Ra3 0-1

[Event "DVM U10 2016"]
[Site "Magdeburg GER"]
[Date "2016.12.29"]
[Round "7"]
[White "Kinsky, Leonhard"]
[Black "Englert, Luca"]
[Result "1-0"]
[Termination "normal"]
[Board "23.2"]
[WhiteElo "929"]
[BlackElo "600"]
[WhiteTeam "SC Landskrone"]
[BlackTeam "BSG Grün-Weiß Leipzig 2"]
[PlyCount "57"]
[WhiteFideId "16255429"]
[BlackFideId "16293088"]
[EventCountry "GER"]
[EventRounds "7"]
[EventType "team-swiss"]
[EventDate "2016.12.27"]

1. e4 e5 2. Nf3 Nc6 3. Bc4 Nf6 4. Nc3 Bc5 5. O-O d6 6. h3 Bd7 7. d3 Qe7 8. Bg5
h6 9. Nd5 Qd8 10. Bh4 g5 11. Bg3 Nxd5 12. exd5 Nd4 13. c3 Nxf3+ 14. Qxf3 Qe7
15. d4 exd4 16. Rfe1 Be6 17. dxe6 O-O-O 18. exf7 Qd7 19. Be6 Qxe6 20. Rxe6 dxc3
21. Qxc3 Kd7 22. Rae1 Rhf8 23. Re7+ Kc8 24. Qg7 d5 25. Rxc7+ Kb8 26. Rxc5+ Ka8
27. Qxf8 Rxf8 28. Re8+ Rxe8 29. fxe8=Q# 1-0

[Event "DVM U10 2016"]
[Site "Magdeburg GER"]
[Date "2016.12.29"]
[Round "7"]
[White "Jung, Maximilian"]
[Black "Püschel-Esparza, Mateo"]
[Result "1/2-1/2"]
[Termination "normal"]
[Board "23.3"]
[WhiteElo "794"]
[BlackElo "787"]
[WhiteTeam "BSG Grün-Weiß Leipzig 2"]
[BlackTeam "SC Landskrone"]
[PlyCount "70"]
[EventCountry "GER"]
[EventRounds "7"]
[EventType "team-swiss"]
[EventDate "2016.12.27"]

1. e4 d6 2. Bc4 Nf6 3. Nc3 g6 4. d3 Bg7 5. Nf3 O-O 6. Ng5 Bg4 7. f3 Bd7 8. Be3
Bh6 9. Qe2 Nc6 10. Nd5 Nxd5 11. Bxd5 e6 12. Bxc6 Bxc6 13. Qd2 f6 14. Nxe6 Bxe3
15. Qxe3 Qe7 16. Nxf8 Qxf8 17. Rg1 Re8 18. O-O-O d5 19. g4 Qd6 20. Rde1 dxe4
21. fxe4 Qxh2 22. Rh1 Qe5 23. Qh6 Re7 24. Qe3 Qe6 25. Reg1 Qxa2 26. Kd2 Qxb2
27. Rb1 Qe5 28. Rhe1 b5 29. Re2 a5 30. Rb3 a4 31. Rc3 Re6 32. Ra3 b4 33. Ra2
Qc3+ 34. Kd1 b3 35. Ra3 Qb4 1/2-1/2

[Event "DVM U10 2016"]
[Site "Magdeburg GER"]
[Date "2016.12.29"]
[Round "7"]
[White "Kalina, Emil"]
[Black "Widmann, Maximilian"]
[Result "0-1"]
[Termination "normal"]
[Board "23.4"]
[WhiteElo "727"]
[BlackElo "785"]
[WhiteTeam "SC Landskrone"]
[BlackTeam "BSG Grün-Weiß Leipzig 2"]
[PlyCount "46"]
[BlackFideId "16281691"]
[EventCountry "GER"]
[EventRounds "7"]
[EventType "team-swiss"]
[EventDate "2016.12.27"]

1. e4 e5 2. Nf3 Nc6 3. Bc4 Nf6 4. Ng5 Qe7 5. Nxf7 Rg8 6. O-O g5 7. b3 Rg7 8.
Bb2 Rxf7 9. Bxf7+ Qxf7 10. b4 Nxb4 11. Bxe5 Qe6 12. Bc3 Qxe4 13. d3 Qf4 14. g3
Qf5 15. g4 Nxg4 16. a3 Nxh2 17. Re1+ Kd8 18. Qe2 c5 19. axb4 cxb4 20. Bxb4 Bxb4
21. c3 Bd6 22. Ra4 Nf3+ 23. Kf1 Qh3# 0-1

[Event "DVM U10 2016"]
[Site "Magdeburg GER"]
[Date "2016.12.29"]
[Round "7"]
[White "Merdian, Nick"]
[Black "Claussen, Alexander"]
[Result "1-0"]
[Termination "normal"]
[Board "24.1"]
[WhiteElo "1115"]
[BlackElo "809"]
[WhiteTeam "SC Postbauer-Heng"]
[BlackTeam "SF Essen-Werden"]
[PlyCount "38"]
[WhiteFideId "16255275"]
[BlackFideId "16248910"]
[EventCountry "GER"]
[EventRounds "7"]
[EventType "team-swiss"]
[EventDate "2016.12.27"]

1. e4 e6 2. d4 b6 3. Nc3 Bb7 4. Bc4 Nf6 5. Bg5 h6 6. Bxf6 Qxf6 7. Qd3 Be7 8.
Nb5 Bd8 9. Ne2 O-O 10. O-O d5 11. exd5 exd5 12. Bb3 a6 13. Nbc3 Nc6 14. Nxd5
Be7 15. Nxf6+ Bxf6 16. c3 a5 17. Bc2 g6 18. Nf4 Ba6 19. Qe4 Ne7 1-0

[Event "DVM U10 2016"]
[Site "Magdeburg GER"]
[Date "2016.12.29"]
[Round "7"]
[White "Symanski, Linda"]
[Black "Mikulasch, Nicole"]
[Result "1/2-1/2"]
[Termination "normal"]
[Board "24.2"]
[WhiteElo "600"]
[BlackElo "880"]
[WhiteTeam "SF Essen-Werden"]
[BlackTeam "SC Postbauer-Heng"]
[PlyCount "61"]
[WhiteFideId "16284534"]
[EventCountry "GER"]
[EventRounds "7"]
[EventType "team-swiss"]
[EventDate "2016.12.27"]

1. d4 d5 2. e3 Nc6 3. c4 dxc4 4. Bxc4 Bf5 5. Nc3 e6 6. Nf3 Nb4 7. O-O Bd6 8. e4
Bg4 9. h3 Bxf3 10. Qxf3 Nf6 11. a3 Nc2 12. Rb1 Nxd4 13. Qd1 Be5 14. Bb5+ c6 15.
Bc4 O-O 16. b3 h6 17. a4 Qa5 18. Ba3 Rfd8 19. b4 Qc7 20. b5 Nf5 21. Qc1 Bf4 22.
Qb2 Bh2+ 23. Kh1 Ng3+ 24. Kxh2 Nxf1+ 25. Kg1 Nd2 26. Re1 Nxc4 27. Qb3 Nd2 28.
Qc2 Rd4 29. e5 Nd5 30. Nxd5 cxd5 31. Qxc7 1/2-1/2

[Event "DVM U10 2016"]
[Site "Magdeburg GER"]
[Date "2016.12.29"]
[Round "7"]
[White "Mikulasch, Kevin"]
[Black "Blume, Leo"]
[Result "0-1"]
[Termination "normal"]
[Board "24.3"]
[WhiteElo "795"]
[BlackElo "749"]
[WhiteTeam "SC Postbauer-Heng"]
[BlackTeam "SF Essen-Werden"]
[PlyCount "40"]
[EventCountry "GER"]
[EventRounds "7"]
[EventType "team-swiss"]
[EventDate "2016.12.27"]

1. e4 e5 2. Qh5 Nf6 3. Qxe5+ Be7 4. Qg5 O-O 5. Nf3 Nxe4 6. Qg4 d5 7. Nd4 Bxg4
8. f3 Bh5 9. fxe4 dxe4 10. Nf5 Bg5 11. Ng3 Bh4 12. Nc3 Re8 13. Bb5 Nc6 14. O-O
Qd4+ 15. Rf2 f5 16. Nge2 Qxf2+ 17. Kh1 Qf1+ 18. Ng1 Qe1 19. d4 Bf2 20. h3 Qxg1#
0-1